[Event "Politiken Cup 34th"]
[Site "Helsingor"]
[Date "2012.08.05"]
[Round "10"]
[White "Veng, Johny"]
[Black "Pedersen, Jan Kaas"]
[Result "1-0"]
[WhiteElo "2274"]
[BlackElo "2044"]
[PlyCount "69"]
[EventDate "2012.07.28"]
[EventType "swiss"]
[EventRounds "10"]
[EventCountry "DEN"]
[SourceTitle "CBM 149 Extra"]
[Source "ChessBase"]
[SourceDate "2012.08.24"]
[SourceVersion "1"]
[SourceVersionDate "2012.08.24"]
[SourceQuality "1"]

1. d4 d5 2. c4 e6 3. Nf3 Nf6 4. g3 c5 5. cxd5 Nxd5 6. Bg2 Nc6 7. 0-0 Be7 8. dxc5 Bxc5 9. Qc2 Qb6 10. a3 0-0 11. b4 Be7 12. e4 Nf6 13. Be3 Qb5 14. Nc3 Qh5 15. h3 e5 16. g4 Bxg4 17. hxg4 Nxg4 18. Ne2 Bh4 19. Qb3 Kh8 20. Bc5 Be7 21. Ng3 Qg6 22. Bxe7 Nxe7 23. Bh3 f5 24. Bxg4 Qxg4 25. Nxe5 Qh4 26. Nf7+ Kg8 27. Nh6+ Kh8 28. Nhxf5 Nxf5 29. exf5 Rf6 30. Kg2 Qg5 31. Qe3 Qg4 32. Qf3 Qg5 33. Qh5 Qf4 34. Rae1 g6 35. fxg6 1-0

[Event "Politiken Cup 34th"]
[Site "Helsingor"]
[Date "2012.08.01"]
[Round "6"]
[White "Mouritsen, Jan"]
[Black "Pedersen, Jan Kaas"]
[Result "0-1"]
[WhiteElo "1822"]
[BlackElo "2044"]
[PlyCount "58"]
[EventDate "2012.07.28"]
[EventType "swiss"]
[EventRounds "10"]
[EventCountry "DEN"]
[SourceTitle "CBM 149 Extra"]
[Source "ChessBase"]
[SourceDate "2012.08.24"]
[SourceVersion "1"]
[SourceVersionDate "2012.08.24"]
[SourceQuality "1"]

1. d4 d5 2. Nf3 Nf6 3. c4 e6 4. Nc3 c5 5. cxd5 exd5 6. g3 Nc6 7. Bg2 c4 8. Bg5 Be7 9. 0-0 0-0 10. Re1 h6 11. Bf4 a6 12. a4 Be6 13. Ne5 Qb6 14. Nxc6 bxc6 15. Qd2 Bb4 16. Rad1 Bf5 17. Be5 Nd7 18. e4 Bg4 19. Rc1 Nxe5 20. dxe5 d4 21. Qf4 Be6 22. Nd5 cxd5 23. exd5 Bxe1 24. Rxe1 Bd7 25. Re4 Rae8 26. Rxd4 Qxb2 27. Qe3 Bxa4 28. f4 Bb5 29. Rd2 Qc1+ 0-1

[Event "Politiken Cup 34th"]
[Site "Helsingor"]
[Date "2012.07.30"]
[Round "4"]
[White "Gandrud, Vegar Koi"]
[Black "Pedersen, Jan Kaas"]
[Result "1-0"]
[WhiteElo "2259"]
[BlackElo "2044"]
[PlyCount "47"]
[EventDate "2012.07.28"]
[EventType "swiss"]
[EventRounds "10"]
[EventCountry "DEN"]
[SourceTitle "CBM 149 Extra"]
[Source "ChessBase"]
[SourceDate "2012.08.24"]
[SourceVersion "1"]
[SourceVersionDate "2012.08.24"]
[SourceQuality "1"]

1. d4 d5 2. c4 c6 3. Nf3 Nf6 4. Nc3 dxc4 5. a4 Bf5 6. e3 e6 7. Bxc4 Nbd7 8. 0-0 Bb4 9. Qe2 Bxc3 10. bxc3 0-0 11. Nd2 e5 12. e4 Be6 13. Bd3 Qc7 14. f4 exf4 15. Nc4 g5 16. e5 Bxc4 17. Bxc4 Rfe8 18. g3 fxg3 19. Bxg5 gxh2+ 20. Qxh2 Nd5 21. Rxf7 Kxf7 22. Qxh7+ Ke6 23. Rf1 b5 24. Qf7# 1-0

[Event "Politiken Cup 32nd"]
[Site "Copenhagen"]
[Date "2010.08.07"]
[Round "9"]
[White "Pedersen, Jan Kaas"]
[Black "Christiansen, Johan Sebastian"]
[Result "1/2-1/2"]
[WhiteElo "2061"]
[BlackElo "1921"]
[PlyCount "72"]
[EventDate "2010.07.31"]
[EventType "swiss"]
[EventRounds "10"]
[EventCountry "DEN"]
[SourceTitle "CBM 137 Extra"]
[Source "ChessBase"]
[SourceDate "2010.09.01"]
[SourceVersion "1"]
[SourceVersionDate "2010.09.01"]
[SourceQuality "1"]

1. d4 Nf6 2. Nf3 e6 3. Bg5 h6 4. Bh4 c5 5. c3 cxd4 6. Nxd4 e5 7. Nf3 Nc6 8. e3 Be7 9. Nbd2 d5 10. Qc2 Be6 11. Bb5 Qc7 12. Bg3 Bd6 13. e4 0-0 14. exd5 Bxd5 15. Bc4 Ne7 16. Bxd5 Nexd5 17. 0-0 Nh5 18. Rad1 Ndf4 19. Rfe1 f6 20. Nh4 Qf7 21. Ne4 Bc7 22. Bxf4 Nxf4 23. Nc5 Qh5 24. g3 Bb6 25. b4 Nh3+ 26. Kf1 Ng5 27. Qf5 Bxc5 28. bxc5 Qf7 29. Rd7 Qxa2 30. Red1 Qc4+ 31. Kg1 Qe4 32. Rb1 Rab8 33. Qxe4 Nxe4 34. Rbxb7 Rxb7 35. Rxb7 Nxc5 36. Rxa7 Ne6 1/2-1/2

[Event "Fyn-ch"]
[Site "Odense"]
[Date "2010.03.18"]
[Round "7"]
[White "Nielsen, Theis"]
[Black "Pedersen, Jan Kaas"]
[Result "1/2-1/2"]
[WhiteElo "1869"]
[BlackElo "2053"]
[PlyCount "76"]
[EventDate "2010.01.14"]
[EventType "swiss"]
[EventRounds "7"]
[EventCountry "DEN"]
[SourceTitle "EXT 2018"]
[Source "ChessBase"]
[SourceDate "2017.10.13"]
[SourceVersion "1"]
[SourceVersionDate "2017.10.13"]
[SourceQuality "1"]

1. e4 d6 2. d4 Nf6 3. Nc3 g6 4. Be3 Bg7 5. Qd2 0-0 6. Bh6 Nbd7 7. h4 e5 8. Nge2 exd4 9. Nxd4 Re8 10. 0-0-0 Nc5 11. Bxg7 Kxg7 12. f3 h5 13. Be2 Re5 14. Qf4 Qe7 15. Qh2 d5 16. exd5 Nxd5 17. Nxd5 Rxd5 18. Qf4 Qe5 19. Qxe5+ Rxe5 20. Rhe1 Ne6 21. Nxe6+ Bxe6 22. Bd3 Rxe1 23. Rxe1 Rd8 24. a3 c5 25. Be4 b6 26. g3 Kf6 27. Re3 g5 28. hxg5+ Kxg5 29. Rd3 Rxd3 30. Bxd3 Bd5 31. Be2 h4 32. gxh4+ Kxh4 33. Kd2 Kg5 34. Ke3 f5 35. f4+ Kf6 36. c3 Ke7 37. a4 Kd6 38. Bd3 Be6 1/2-1/2

[Event "Borup op 4th"]
[Site "Borup"]
[Date "2009.09.06"]
[Round "4"]
[White "Holst, Lasse"]
[Black "Pedersen, Jan Kaas"]
[Result "0-1"]
[WhiteElo "1881"]
[BlackElo "2053"]
[PlyCount "100"]
[EventDate "2009.09.04"]
[EventType "swiss"]
[EventRounds "9"]
[EventCountry "DEN"]
[SourceTitle "CBM 132 Extra"]
[Source "ChessBase"]
[SourceDate "2009.11.03"]
[SourceVersion "1"]
[SourceVersionDate "2009.11.03"]
[SourceQuality "1"]

1. d4 d5 2. c4 e6 3. Nc3 Nf6 4. cxd5 exd5 5. Bg5 Be7 6. Qc2 c6 7. e3 Bg4 8. Bd3 Nbd7 9. f3 Bh5 10. Nge2 Bg6 11. Bxg6 hxg6 12. Rc1 Nh5 13. Bxe7 Qxe7 14. Qd3 Qd6 15. Kf2 Nhf6 16. h3 0-0 17. Rhe1 Rfe8 18. Rcd1 Rad8 19. a3 Nb6 20. Ng3 Nh5 21. Nxh5 gxh5 22. Qf5 g6 23. Qd3 Qe7 24. e4 Qh4+ 25. Kg1 dxe4 26. fxe4 Nd7 27. Qf3 Qf6 28. Qxf6 Nxf6 29. e5 Nd5 30. Ne4 Kg7 31. Nd6 Re7 32. Ne4 Nf4 33. g3 Ne6 34. Nd6 Nf8 35. b4 Ne6 36. Rf1 b6 37. Rf2 c5 38. bxc5 bxc5 39. dxc5 Rdd7 40. Rc2 Rc7 41. Rd5 Rc6 42. Ne4 Ra6 43. Rc3 Ra4 44. Nf2 Nd4 45. Kf1 Nb5 46. Rb3 a6 47. c6 Rc4 48. a4 Nd4 49. Rb6 Nxc6 50. Rxa6 Nb4 0-1

[Event "Borup op 4th"]
[Site "Borup"]
[Date "2009.09.05"]
[Round "3"]
[White "Pedersen, Jan Kaas"]
[Black "Glud, Jakob Vang"]
[Result "0-1"]
[WhiteElo "2053"]
[BlackElo "2476"]
[PlyCount "114"]
[EventDate "2009.09.04"]
[EventType "swiss"]
[EventRounds "9"]
[EventCountry "DEN"]
[SourceTitle "CBM 132 Extra"]
[Source "ChessBase"]
[SourceDate "2009.11.03"]
[SourceVersion "1"]
[SourceVersionDate "2009.11.03"]
[SourceQuality "1"]

1. d4 d5 2. Nf3 Nf6 3. Bg5 Nbd7 4. Nbd2 g6 5. e3 Bg7 6. Bd3 0-0 7. c3 c5 8. Qe2 Qb6 9. Rb1 Re8 10. 0-0 a6 11. Bc2 Qe6 12. Rfe1 b6 13. e4 dxe4 14. Nxe4 Bb7 15. dxc5 bxc5 16. Nxf6+ exf6 17. Qd1 Qg4 18. h3 Rxe1+ 19. Nxe1 Qxg5 20. Qxd7 Qd5 21. Rd1 Qc6 22. Bb3 Rf8 23. Qxc6 Bxc6 24. Nd3 Re8 25. Nxc5 Bf8 26. Nxa6 Re2 27. Nb4 Be4 28. Nd3 Bxd3 29. Rxd3 Bc5 30. Rf3 Kg7 31. g3 Rxb2 32. Bc4 h5 33. a4 Rb1+ 34. Kg2 Ra1 35. Bb3 Rb1 36. Bc4 Bb6 37. Bd3 Rb2 38. Kf1 Ra2 39. Bb5 Rb2 40. Bc4 Rc2 41. Bb5 Ba5 42. Re3 Bb6 43. Re2 Rxc3 44. Ra2 h4 45. Kg2 hxg3 46. f3 Bf2 47. a5 Rc1 48. Bf1 f5 49. a6 Ba7 50. f4 Kh6 51. Rb2 Ra1 52. Rb7 Be3 53. Rb4 Kh5 54. Be2+ Kh4 55. Bf1 Ra2+ 56. Kf3 Bc5 57. Rb8 Rf2# 0-1

[Event "Politiken Cup 31st"]
[Site "Helsingor"]
[Date "2009.07.19"]
[Round "2"]
[White "Pedersen, Jan Kaas"]
[Black "Jacobsen, Bo"]
[Result "1/2-1/2"]
[WhiteElo "2065"]
[BlackElo "2303"]
[PlyCount "68"]
[EventDate "2009.07.18"]
[EventType "swiss"]
[EventRounds "10"]
[EventCountry "DEN"]
[SourceTitle "CBM 131 Extra"]
[Source "ChessBase"]
[SourceDate "2009.09.03"]
[SourceVersion "2"]
[SourceVersionDate "2009.09.16"]
[SourceQuality "1"]

1. d4 Nf6 2. Nf3 g6 3. Bf4 d6 4. e3 Nh5 5. Bg3 Nxg3 6. hxg3 Bg7 7. Bd3 e5 8. c3 0-0 9. Nbd2 exd4 10. Nxd4 c5 11. Ne2 d5 12. Nf3 Nc6 13. 0-0 Re8 14. Nf4 a6 15. Be2 d4 16. exd4 cxd4 17. cxd4 Nxd4 18. Nxd4 Qxd4 19. Qxd4 Bxd4 20. Bf3 Bxb2 21. Rab1 Bd4 22. Bxb7 Rb8 23. Bc6 Bf5 24. Rbd1 Rec8 25. Rxd4 Rxc6 26. Nd5 Kg7 27. Ne7 Rc5 28. Nxf5+ Rxf5 29. g4 Rf6 30. f3 Rc6 31. Rfd1 Rc2 32. R1d2 Rxd2 33. Rxd2 Rb5 34. Kf2 h5 1/2-1/2